书目信息 |
| 题名: |
美国犹太文学
|
|
| 作者: | 克莱默 , 纳希尔 编 | |
| 分册: | ||
| 出版信息: | 上海 上海外语教育出版社 2004.08 |
|
| 页数: | 296页 | |
| 开本: | 21cm | |
| 丛书名: | 剑桥文学指南 | |
| 单 册: | ||
| 中图分类: | I712.06 | |
| 科图分类: | ||
| 主题词: | 犹太文学--you tai wen xue--文学研究--美国--英文--文集 | |
| 电子资源: | ||
| ISBN: | 7-81095-202-1 | |
| 000 | 01338nam 2200313 450 | |
| 001 | 012007747565 | |
| 005 | 20070930095955.96 | |
| 010 | @a7-81095-202-1@dCNY19.30 | |
| 100 | @a20070808d2004 km y0chiy0120 ea | |
| 101 | 0 | @aeng |
| 102 | @aCN@b310000 | |
| 105 | @aa a 001zy | |
| 200 | 1 | @a美国犹太文学@Amei guo you tai wen xue@d= The cambridge companion to jewish American literature@fMichael P.Kramer, Hana Wirth-Nesher编@FMichael P.Kramer,Hana Wirth-Nesher bian@zeng |
| 205 | @a影印版 | |
| 210 | @a上海@c上海外语教育出版社@d2004.08 | |
| 215 | @a296页@c图@d21cm | |
| 225 | 2 | @a剑桥文学指南@Ajian qiao wen xue zhi nan@v42 |
| 306 | @a本书由剑桥大学出版社授权出版。 | |
| 314 | @a责任者规范汉译姓为 :克莱默、纳希尔。 | |
| 320 | @a有书目和索引。 | |
| 330 | @a本书是一部专门研究美国犹太文学的论文集,收录了美、英、以色列等当代知名学者的14篇论文。范围涉及文学史、犹太移民史、意第绪与希伯来文学界、大众文化、女性写作、文学理论、多语并置、大屠杀以及当代小说。 | |
| 410 | 0 | @12001 @a剑桥文学指南 |
| 510 | 1 | @aCambridge companion to jewish American literature@zeng |
| 606 | 0 | @a犹太文学@Ayou tai wen xue@x文学研究@y美国@x英文@j文集 |
| 690 | @aI712.06@v4 | |
| 701 | 1 | @a克莱默@Ake lai mo@g(Kramer, Michael P.)@4编 |
| 701 | 1 | @a纳希尔@Ana xi er@g(Nesher, Hana Wirth)@4编 |
| 801 | 0 | @aCN@c20070930 |
| 905 | @dI712.06@eK634 | |
| 美国犹太文学= The cambridge companion to jewish American literature/Michael P.Kramer, Hana Wirth-Nesher编.-影印版.-上海:上海外语教育出版社,2004.08 |
| 296页:图;21cm.-(剑桥文学指南;42) |
| ISBN 7-81095-202-1:CNY19.30 |
| 本书是一部专门研究美国犹太文学的论文集,收录了美、英、以色列等当代知名学者的14篇论文。范围涉及文学史、犹太移民史、意第绪与希伯来文学界、大众文化、女性写作、文学理论、多语并置、大屠杀以及当代小说。 |
| ● |
| 相关链接 |
|
|
|
正题名:美国犹太文学
索取号:I712.06/K634
 
预约/预借
| 序号 | 登录号 | 条形码 | 馆藏地/架位号 | 状态 | 备注 |
| 1 | 255251 | 202552512 | 社科二线400B/400B社科库 5排1列5层/ [索取号:I712.06/K634] | 在馆 | |
| 2 | 255252 | 202552521 | 文学库116/116文学库 25排3列1层/ [索取号:I712.06/K634] | 在馆 | |
| 3 | 255253 | 202552530 | 文学库116/116文学库 25排3列1层/ [索取号:I712.06/K634] | 在馆 |